| 000 | 00490nam a22001817a 4500 | ||
|---|---|---|---|
| 005 | 20251108175315.0 | ||
| 008 | 250721s2001 xx 000 0 eng d | ||
| 082 | 1 | 4 | _aJ/F/DUM |
| 100 | 1 |
_alewin, betsy _eIllus. |
|
| 245 | 1 | 0 | _aDumpy la rue / |
| 264 | 1 |
_anew york : _bhenry holt and company, _c2001. |
|
| 490 | 0 | _aELIZABETH WINTHROP | |
| 650 | 1 | 7 | _aCHILDREN |
| 650 | 1 | 7 | _aSTORIES |
| 653 | _aاطفال مرحلة متوسطة (6-9) سنوات | ||
| 942 |
_2ddc _cBK |
||
| 999 |
_c131075 _d131075 |
||